000 00602cab a2200229 4500
001 ABS50634
008 090401t1994 xxu||||| |||| 00| 0 eng d
035 _a(Sirsi) u76775
041 _aeng
100 _aLevine, JC
245 _aEquity in infrastructure finance: When are impact fees justified
260 _c1994
350 _a0
490 _aLocal Economy
_v70(2) Ma9 1994, 210-222((13)
650 _aFINANCE
650 _aInfrastructure
_96246
650 _aURBAN ECONOMICS
650 _aURBAN PLANNING
690 _aPROPERTY-PROPERTY DEVELOPMENT
942 _n0
948 _c04/03/1997
999 _c48236
_d48236